00800nam a22001817a 4500003000900000008004100009040007100050082002100121100002100142245003900163260004400202300002800246440003700274505019300311650003000504650001800534650006600552AR-CdUCM190319b ||||| |||| 00| 0 spa d aMUNICIPALIDAD PROVINCIAL DEL CUSCOcBIBLIOTECA MUNICIPAL DEL CUSCO 22ed.a023 /bL68 aLitton, Gastón aArte y ciencia del bibliotecario / aBuenos Aires :bBowker Editores,c1973. a205 páginas ;c18 cm. aBreviarios del bibliotecario.n1 aContenido: Credo del bibliotecario -- El trabajo del bibliotecario -- Cualidades del bibliotecario -- Preparación profesional del bibliotecario -- La biblioteca, una necesidad humana ... aEducación bibliotecaria aBibliotecario aBibliotecas nacionales, públicas, escolares, universitarios